| 000 | 00649nam a2200229Ia 4500 | ||
|---|---|---|---|
| 003 | OSt | ||
| 005 | 20220925172536.0 | ||
| 006 | a|||||r|||| 00| 0 | ||
| 007 | ta | ||
| 008 | 220923b |||||||| |||| 00| 0 eng d | ||
| 037 | _cGeneral Book | ||
| 040 |
_aRTL _cRTL _beng |
||
| 041 |
_2eng _aeng |
||
| 082 | _aV2:51.N5, J0 | ||
| 100 |
_aJapheth M D _9110218 |
||
| 245 | 0 |
_aHouse that freedom built _b An essay on India today |
|
| 260 |
_aBombay _bKingsley Press India _c1950 |
||
| 300 |
_a123p. _ccm. |
||
| 650 | _aStruggle for Independence | ||
| 942 |
_hV2:51.N5, J0 _cGB _2CC |
||
| 999 |
_c485338 _d485338 |
||